[Event "European Blitz 2017"]
[Site "Katowice POL"]
[Date "2017.12.15"]
[Round "2.27"]
[White "Wilczek, Piotr"]
[Black "Alekseev, Evgeny"]
[Result "0-1"]
[BlackTitle "GM"]
[WhiteElo "1743"]
[BlackElo "2616"]
[WhiteFideId "1186132"]
[BlackFideId "4138147"]
[EventDate "2017.12.15"]
[EventType "blitz"]

1. c4 c5 2. Nf3 Nc6 3. Nc3 g6 4. g3 Bg7 5. Bg2 d6 6. O-O e6 7. e3 Nge7 8. d4 O-O
9. a3 cxd4 10. exd4 d5 11. c5 Nf5 12. Be3 e5 13. Ne2 e4 14. Ne1 b6 15. b4 Ba6
16. Nc2 Bd3 17. Qd2 Qe7 18. Rfd1 Rfd8 19. g4 Nh4 20. Rac1 Qd7 21. h3 Re8 22. Ne1
Ba6 23. Bh1 h5 24. a4 Bc4 25. b5 Na5 26. c6 Qc8 27. Bg5 Nb3 28. Qe3 Nf3+ 29.
Nxf3 exf3 30. Qf4 fxe2 31. Re1 Nxc1 32. Rxc1 e1=Q+ 33. Rxe1 Rxe1+ 34. Kh2 hxg4
35. Bg2 gxh3 36. Bxh3 Rh1+ 0-1

[Event "European Blitz 2017"]
[Site "Katowice POL"]
[Date "2017.12.15"]
[Round "2.31"]
[White "Chigaev, Maksim"]
[Black "Janulaitis, Albertas"]
[Result "1-0"]
[WhiteTitle "GM"]
[WhiteElo "2555"]
[BlackElo "1830"]
[WhiteFideId "4108116"]
[BlackFideId "12812404"]
[EventDate "2017.12.15"]
[EventType "blitz"]

1. c4 Nf6 2. Nc3 g6 3. d4 Bg7 4. e4 d6 5. Nf3 O-O 6. Be2 Nbd7 7. h3 e5 8. d5 Nc5
9. Qc2 a5 10. Be3 Nh5 11. Bg5 f6 12. Be3 Nf4 13. Bxf4 exf4 14. O-O-O f5 15. Bd3
fxe4 16. Nxe4 Nxd3+ 17. Qxd3 Bf5 18. Nd4 Qe7 19. Nxf5 Rxf5 20. f3 Re8 21. h4 Qe5
22. Qd2 a4 23. a3 h6 24. Rde1 Qd4 25. Qxd4 Bxd4 26. Nf6+ Rxf6 27. Rxe8+ Kg7 28.
Re4 Be3+ 29. Kc2 Kf7 30. h5 g5 31. g4 b6 32. Rb1 Bc5 33. Kd3 Kf8 34. Rbe1 Be3
35. Kc3 Bc5 36. Re6 Kf7 37. Re7+ 1-0

[Event "European Blitz 2017"]
[Site "Katowice POL"]
[Date "2017.12.15"]
[Round "2.32"]
[White "Kadonas, Kestutis"]
[Black "Klekowski, Maciej"]
[Result "0-1"]
[BlackTitle "IM"]
[WhiteElo "1799"]
[BlackElo "2498"]
[WhiteFideId "12806226"]
[BlackFideId "1132717"]
[EventDate "2017.12.15"]
[EventType "blitz"]

1. e4 c5 2. f4 Nc6 3. Nf3 e6 4. a3 a6 5. Bc4 Nf6 6. e5 d5 7. Ba2 Nd7 8. O-O Be7
9. c3 c4 10. d4 cxd3 11. Qxd3 Nc5 12. Qd1 Ne4 13. Be3 f5 14. Nbd2 O-O 15. Nd4
Bd7 16. g4 Nxd2 17. Bxd2 Nxd4 18. cxd4 Qb6 19. Be3 Qxb2 20. gxf5 Rxf5 21. Rf2
Qc3 22. Rf3 Ba4 23. Qf1 Bb5 24. Qd1 Be2 25. Qd2 Qxa1+ 26. Kf2 Qf1+ 0-1

[Event "European Blitz 2017"]
[Site "Katowice POL"]
[Date "2017.12.15"]
[Round "2.33"]
[White "Kovalev, Denis"]
[Black "Zarebski, Cezary"]
[Result "1-0"]
[WhiteTitle "IM"]
[WhiteElo "2504"]
[BlackElo "1923"]
[WhiteFideId "14104059"]
[BlackFideId "1111558"]
[EventDate "2017.12.15"]
[EventType "blitz"]

1. Nf3 Nf6 2. d4 c5 3. g3 cxd4 4. Nxd4 e5 5. Nb3 d5 6. Bg2 Nc6 7. O-O Be7 8. Bg5
Be6 9. Nc3 d4 10. Bxf6 Bxf6 11. Ne4 Be7 12. Nec5 Bd5 13. Nxb7 Qd7 14. N3c5 Bxc5
15. Nxc5 Qd6 16. Ne4 Qe7 17. c3 O-O 18. cxd4 exd4 19. Nf6+ Qxf6 20. Bxd5 Rac8
21. Rc1 Ne7 22. Be4 Rcd8 23. Qd3 g6 24. Rc7 Nc8 25. Rfc1 Nb6 26. Rxa7 Qe6 27.
Rc6 Qe5 28. Rxb6 Qc5 29. Rbb7 Qc1+ 30. Kg2 Qg5 31. Qf3 d3 1-0

[Event "European Blitz 2017"]
[Site "Katowice POL"]
[Date "2017.12.15"]
[Round "2.34"]
[White "Lojek, Marek"]
[Black "Mohr, Georg"]
[Result "0-1"]
[BlackTitle "GM"]
[WhiteElo "2069"]
[BlackElo "2473"]
[WhiteFideId "358649"]
[BlackFideId "14600013"]
[EventDate "2017.12.15"]
[EventType "blitz"]

1. Nf3 c5 2. c4 g6 3. Nc3 Bg7 4. g3 d6 5. Bg2 Nc6 6. O-O Bf5 7. d3 Qd7 8. Re1 e5
9. Rb1 Nge7 10. a3 a5 11. Nd5 Nxd5 12. cxd5 Ne7 13. e4 Bh3 14. Bh1 Bg4 15. a4
O-O 16. Qb3 Rab8 17. Bd2 b5 18. axb5 Rxb5 19. Qc2 Qb7 20. Bc3 Bd7 21. Nd2 Ra8
22. Nc4 Nc8 23. f4 exf4 24. Bxg7 Kxg7 25. gxf4 Rb4 26. e5 Bf5 27. e6 Qe7 28.
exf7 Qxf7 29. Qc3+ Qf6 30. Be4 Bxe4 31. dxe4 Qxc3 32. bxc3 Rxc4 33. Rb7+ Kh6 34.
e5 Rxf4 35. e6 Rg4+ 36. Kf2 Rg5 37. c4 Rf5+ 38. Kg3 Rf8 39. Rf7 Re8 40. Re4 g5
41. h4 Ra7 42. hxg5+ Kg6 43. Rf6+ Kg7 44. Ref4 Ree7 45. Kg4 a4 46. Rf8 Ra8 47.
Rd8 Nb6 48. Rxa8 Nxa8 49. Rf1 Nb6 50. Ra1 Nxc4 51. Rxa4 Ne3+ 52. Kh5 Nxd5 0-1

[Event "European Blitz 2017"]
[Site "Katowice POL"]
[Date "2017.12.15"]
[Round "2.36"]
[White "Tyurin, Artem"]
[Black "Castellanos Rodriguez, Renier"]
[Result "0-1"]
[BlackTitle "IM"]
[WhiteElo "1820"]
[BlackElo "2501"]
[WhiteFideId "44130112"]
[BlackFideId "3404650"]
[EventDate "2017.12.15"]
[EventType "blitz"]

1. e4 c5 2. Nf3 e6 3. d4 cxd4 4. Nxd4 a6 5. Nc3 Qc7 6. g3 h5 7. h4 Nc6 8. Bg2
Nf6 9. O-O Bc5 10. Nb3 Ba7 11. Bg5 Qxg3 12. Kh1 Qc7 13. Qe2 Ng4 14. f4 f6 15.
Nd5 exd5 16. exd5+ Ne7 17. Rae1 d6 18. f5 fxg5 19. hxg5 O-O 20. Qxe7 Qxe7 21.
Rxe7 Bxf5 22. Rxb7 Ne3 23. Re1 Rf7 24. Kh2 Rxb7 0-1

[Event "European Blitz 2017"]
[Site "Katowice POL"]
[Date "2017.12.15"]
[Round "2.37"]
[White "Aleksandrov, Aleksej"]
[Black "Luberanski, Jakub"]
[Result "1-0"]
[WhiteTitle "GM"]
[WhiteElo "2589"]
[BlackElo "1756"]
[WhiteFideId "13500139"]
[BlackFideId "21830509"]
[EventDate "2017.12.15"]
[EventType "blitz"]

1. d4 Nf6 2. c4 e6 3. Nc3 Bb4 4. e3 O-O 5. Ne2 d5 6. a3 Be7 7. cxd5 exd5 8. g3
c6 9. Bg2 Re8 10. O-O Nbd7 11. f3 c5 12. Kh1 cxd4 13. Nxd4 Nb6 14. b3 a6 15. Bb2
Bc5 16. Re1 Bd7 17. Qd2 Rc8 18. Nce2 Qe7 19. Nf4 Bd6 20. Nd3 Nh5 21. Kg1 Qg5 22.
Nf4 Nxf4 23. exf4 Qg6 24. Bf1 h5 25. Bd3 f5 26. Kf2 h4 27. Rxe8+ Rxe8 28. Re1
hxg3+ 29. hxg3 Rxe1 30. Qxe1 Bc5 31. Qe5 Bd6 32. Bxf5 Bxf5 33. Qxf5 Qh6 34. Kg2
Bf8 35. Ne6 g6 36. Qf6 Nd7 37. Qd8 Qh7 38. Nxf8 Nxf8 39. Qxd5+ Qf7 40. Qxf7+
Kxf7 41. Kf2 Ne6 42. Ke3 Nc5 43. b4 Nd7 44. Bd4 Ke6 45. Ke4 Nf8 46. g4 Nd7 47.
a4 Nb8 48. f5+ gxf5+ 49. gxf5+ Kf7 50. b5 axb5 51. axb5 Nd7 52. Kd5 Ke7 53. f6+
Kf7 54. Kd6 Nf8 55. Be5 Ng6 56. f4 Nf8 57. Kc7 Ne6+ 58. Kxb7 1-0

[Event "European Blitz 2017"]
[Site "Katowice POL"]
[Date "2017.12.15"]
[Round "2.38"]
[White "Koliasnikovas, Aironas"]
[Black "Moskalenko, Alexander"]
[Result "0-1"]
[BlackTitle "IM"]
[WhiteElo "1684"]
[BlackElo "2522"]
[WhiteFideId "12814148"]
[BlackFideId "4155351"]
[EventDate "2017.12.15"]
[EventType "blitz"]

1. d4 Nf6 2. Nf3 e6 3. c4 Bb4+ 4. Bd2 Qe7 5. a3 Bxd2+ 6. Qxd2 d6 7. Nc3 O-O 8.
e3 a5 9. Bd3 e5 10. Bc2 h6 11. O-O Bg4 12. Ne1 Nbd7 13. f3 Bh5 14. d5 Bg6 15.
Rc1 Bxc2 16. Qxc2 e4 17. f4 Nc5 18. Nb5 c6 19. dxc6 bxc6 20. Nd4 Qb7 21. b4 axb4
22. axb4 Ne6 23. Nxe6 fxe6 24. Qc3 c5 25. b5 Rac8 26. f5 exf5 27. Rxf5 Qd7 28.
Rf2 d5 29. Nc2 Kh7 30. Rd1 Qe6 31. cxd5 Nxd5 32. Qc4 Rxf2 33. Kxf2 Qf5+ 34. Kg1
Nb6 35. Qe2 Qe6 36. h3 Ra8 37. Qg4 Qxg4 38. hxg4 Ra2 39. Rc1 Kg6 40. Kh2 Kf6 41.
Kg3 Ke5 42. Kh4 g6 43. g5 h5 44. g4 hxg4 45. Kxg4 Nc4 46. Kg3 Nb6 47. Kg4 Rb2
48. Na3 Kd5 49. Kf4 Rf2+ 50. Kg3 Rf3+ 51. Kg4 Rxe3 52. Rd1+ Rd3 53. Re1 Rxa3 54.
Kf4 Rf3+ 55. Kg4 c4 56. Rd1+ Rd3 57. Re1 c3 58. Kf4 Rf3+ 59. Kg4 c2 60. Rc1 Rc3
61. Kf4 Kc4 62. Kxe4 Kxb5 63. Kd4 Kb4 64. Ke5 Nc4+ 65. Kd4 Nb2 0-1

[Event "European Blitz 2017"]
[Site "Katowice POL"]
[Date "2017.12.15"]
[Round "2.39"]
[White "Kovalev, Vladislav"]
[Black "Wozny, Tomasz"]
[Result "1-0"]
[WhiteTitle "GM"]
[WhiteElo "2639"]
[BlackElo "1755"]
[WhiteFideId "13504398"]
[BlackFideId "1105795"]
[EventDate "2017.12.15"]
[EventType "blitz"]

1. d4 d5 2. Bf4 c6 3. e3 Nf6 4. Nf3 e6 5. Bd3 Nbd7 6. O-O Be7 7. h3 c5 8. c3 a6
9. Nbd2 b5 10. e4 dxe4 11. Nxe4 Bb7 12. Nd6+ Bxd6 13. Bxd6 c4 14. Bc2 Qb6 15.
Bh2 O-O 16. Qe2 h6 17. Ne5 Nxe5 18. Bxe5 Qc6 19. f3 Nd7 20. Bh2 Rfe8 21. Rae1
Rad8 22. Qf2 a5 23. Re4 Qb6 1-0

[Event "European Blitz 2017"]
[Site "Katowice POL"]
[Date "2017.12.15"]
[Round "2.40"]
[White "Daniszkowicz, Bohdan"]
[Black "Tari, Aryan"]
[Result "0-1"]
[BlackTitle "GM"]
[WhiteElo "1829"]
[BlackElo "2593"]
[WhiteFideId "1115251"]
[BlackFideId "1510045"]
[EventDate "2017.12.15"]
[EventType "blitz"]

1. e4 g6 2. d4 Bg7 3. Nf3 d6 4. Bc4 Nf6 5. Nc3 O-O 6. O-O Nxe4 7. Bxf7+ Rxf7 8.
Nxe4 h6 9. c3 Bg4 10. Ned2 Nc6 11. h3 Bf5 12. Nh4 e5 13. Nxf5 gxf5 14. d5 Ne7
15. c4 Ng6 16. Nf3 Qf6 17. Bd2 Kh8 18. Bc3 Rg8 19. Kh2 Qd8 20. Qb3 b6 21. Qa4
Nf4 22. Rg1 Ne2 23. Rge1 Nxc3 24. bxc3 e4 25. Nd4 Be5+ 26. g3 f4 27. Rxe4 fxg3+
28. fxg3 Qg5 29. Rg4 Qd2+ 30. Kh1 Rgf8 31. Rg1 Rf2 0-1

[Event "European Blitz 2017"]
[Site "Katowice POL"]
[Date "2017.12.15"]
[Round "2.42"]
[White "Colilli, Lorenzo"]
[Black "Manik, Mikulas"]
[Result "0-1"]
[BlackTitle "GM"]
[WhiteElo "1750"]
[BlackElo "2415"]
[WhiteFideId "262633"]
[BlackFideId "14900734"]
[EventDate "2017.12.15"]
[EventType "blitz"]

1. e4 c5 2. Nf3 d6 3. d4 cxd4 4. Nxd4 Nf6 5. Nc3 a6 6. Bc4 e6 7. Bg5 Be7 8. f4
h6 9. Bh4 b5 10. Bb3 b4 11. Bxf6 Bxf6 12. Nce2 Qb6 13. Qd2 Bb7 14. Qd3 Nd7 15.
O-O-O Nc5 16. Qe3 Bxe4 17. Kb1 O-O 18. Rhg1 d5 19. g4 Nxb3 20. Qxb3 Bxd4 21.
Nxd4 Rac8 22. g5 h5 23. g6 fxg6 24. Rde1 0-1

[Event "European Blitz 2017"]
[Site "Katowice POL"]
[Date "2017.12.15"]
[Round "2.43"]
[White "Jaracz, Pawel"]
[Black "Ozkan, Salih"]
[Result "1-0"]
[WhiteTitle "GM"]
[WhiteElo "2465"]
[BlackElo "1769"]
[WhiteFideId "1102222"]
[BlackFideId "34513434"]
[EventDate "2017.12.15"]
[EventType "blitz"]

1. e4 e6 2. d4 d5 3. Nd2 Nf6 4. e5 Nfd7 5. c3 c5 6. Bd3 Qb6 7. Ne2 Nc6 8. Nf3
cxd4 9. cxd4 f6 10. exf6 Nxf6 11. O-O Bd6 12. b3 Qc7 13. Bb2 O-O 14. Nc3 a6 15.
h3 Bd7 16. Rc1 Rae8 17. Na4 Qd8 18. Nc5 Bxc5 19. Rxc5 Nh5 20. Re1 Nf4 21. Bf1
Qf6 22. Rc3 Qg6 23. Kh2 Ne7 24. Ne5 Qh6 25. Nxd7 Rf5 26. Bc1 Neg6 27. g3 Nxh3
28. Bxh6 1-0

[Event "European Blitz 2017"]
[Site "Katowice POL"]
[Date "2017.12.15"]
[Round "2.44"]
[White "Jedrocha, Katarzyna"]
[Black "Miton, Kamil"]
[Result "0-1"]
[BlackTitle "GM"]
[WhiteElo "1921"]
[BlackElo "2584"]
[WhiteFideId "1163914"]
[BlackFideId "1111914"]
[EventDate "2017.12.15"]
[EventType "blitz"]

1. e4 c5 2. c3 e6 3. d4 d5 4. exd5 exd5 5. Nf3 Nc6 6. Be2 Bd6 7. Be3 c4 8. Qd2
Qc7 9. Ne5 Nge7 10. f4 O-O 11. O-O f6 12. Nxc6 bxc6 13. Qc2 Bf5 14. Qd1 Be4 15.
Bf3 Nf5 16. Bc1 Rae8 17. Bxe4 Rxe4 18. Nd2 Rxf4 19. Nf3 Re4 20. Bd2 Rfe8 21. Qc2
Nh4 22. g3 Bxg3 23. Nxh4 Bxh2+ 0-1

[Event "European Blitz 2017"]
[Site "Katowice POL"]
[Date "2017.12.15"]
[Round "2.45"]
[White "Piorun, Kacper"]
[Black "Parol, Pola"]
[Result "1-0"]
[WhiteTitle "GM"]
[WhiteElo "2651"]
[BlackElo "1929"]
[WhiteFideId "1130420"]
[BlackFideId "1163116"]
[EventDate "2017.12.15"]
[EventType "blitz"]

1. Nf3 Nf6 2. g3 d5 3. Bg2 c5 4. O-O Nc6 5. d3 g6 6. Nbd2 Bg7 7. e4 O-O 8. exd5
Nxd5 9. Re1 Bg4 10. h3 Bf5 11. Nc4 Qc8 12. Kh2 h6 13. a4 Rd8 14. a5 b6 15. axb6
axb6 16. Rxa8 Qxa8 17. Nh4 Be6 18. Bxd5 Bxd5 19. Nxb6 Qb7 20. Nxd5 Rxd5 21. Nf3
Kh7 22. b3 Qd7 23. Qe2 Rh5 24. h4 Ne5 25. Nxe5 Bxe5 26. Kg2 Bf6 27. Qf3 Rf5 28.
Qe2 Qc6+ 29. Qe4 Qd7 30. Bf4 Bd4 31. Qxe7 Qc6+ 32. Qe4 Qd7 33. Re2 h5 34. f3 Qb5
35. g4 hxg4 36. fxg4 Rf6 37. Bg5 Re6 38. Qf3 Qd7 39. Rxe6 Qxe6 40. Qe4 Qd6 41.
Bf4 Qd7 42. Kf3 f5 43. gxf5 gxf5 44. Qe2 Qg7 45. Qg2 Qb7+ 46. Kg3 Qg7+ 47. Kh3
Qe7 48. Qg5 Qe2 49. Qxf5+ Kg8 50. Qg4+ Qxg4+ 51. Kxg4 Kh7 52. h5 Kg7 53. Kf5 1-0

[Event "European Blitz 2017"]
[Site "Katowice POL"]
[Date "2017.12.15"]
[Round "2.46"]
[White "Laszczak, Przemyslaw"]
[Black "Meskovs, Nikita"]
[Result "0-1"]
[BlackTitle "GM"]
[WhiteElo "2100"]
[BlackElo "2538"]
[WhiteFideId "1185861"]
[BlackFideId "11602740"]
[EventDate "2017.12.15"]
[EventType "blitz"]

1. d4 Nf6 2. Nf3 e6 3. e3 b6 4. Bd3 Bb7 5. O-O g6 6. Nbd2 d5 7. b3 Bg7 8. Bb2
Nbd7 9. Ne5 Nxe5 10. dxe5 Nd7 11. f4 Nc5 12. Bb5+ c6 13. Be2 a5 14. Nf3 a4 15.
Nd4 a3 16. Bc1 O-O 17. c4 Ne4 18. Qc2 Qe7 19. Bf3 Rfc8 20. Rb1 Rc7 21. b4 f6 22.
exf6 Bxf6 23. c5 bxc5 24. Qxc5 Nxc5 25. bxc5 Ba6 26. Rd1 Bc4 0-1

[Event "European Blitz 2017"]
[Site "Katowice POL"]
[Date "2017.12.15"]
[Round "2.47"]
[White "Neiksans, Arturs"]
[Black "Dwilewicz, Agata"]
[Result "1-0"]
[WhiteTitle "GM"]
[WhiteElo "2590"]
[BlackElo "1904"]
[WhiteFideId "11601388"]
[BlackFideId "1163965"]
[EventDate "2017.12.15"]
[EventType "blitz"]

1. b3 d5 2. Bb2 e6 3. Nf3 Nf6 4. c4 Be7 5. g3 O-O 6. Bg2 Nbd7 7. O-O Nb6 8. d3
c5 9. Nbd2 Bd7 10. Ne5 Rc8 11. Rc1 Bc6 12. Nxc6 bxc6 13. Nf3 Nfd7 14. Qd2 Bf6
15. Rfd1 Qe7 16. Rc2 Bxb2 17. Rxb2 Nf6 18. Rc2 Qd6 19. Qa5 Nbd7 20. Rdc1 e5 21.
cxd5 cxd5 22. b4 e4 23. bxc5 Qe7 24. dxe4 Nxe4 25. c6 Nb6 26. c7 Qd6 27. Nd2 Nf6
28. Bh3 Nfd7 29. Qxa7 f5 30. e3 Ne5 31. Bg2 Nbc4 32. Nxc4 Nxc4 33. Bxd5+ Qxd5
34. Rxc4 Qd2 35. R4c2 Qd5 36. Qc5 Qf3 37. Qc4+ Kh8 38. Qf4 Qb7 39. h4 Qa6 40.
Qe5 Qa4 41. h5 h6 42. Rc6 Kh7 43. Qe6 Qa3 44. R1c2 Qd3 45. Kg2 Qb5 46. Qg6+ Kh8
47. Rd6 Qb7+ 48. Kh2 Qb5 49. Rdc6 Qd5 50. Qd6 Qf3 51. Qg6 Qe4 52. R6c4 Qf3 53.
Rf4 Qd5 54. Qc6 Qe5 55. Kg2 Kh7 56. Qc5 Qe6 57. Rfc4 Qf7 58. Rh4 Qe6 59. Qc6 Qe5
60. a4 Qa5 61. Qb5 Qa8+ 62. Kg1 Qa7 63. Rhc4 Qa8 64. a5 Qf3 65. a6 Qd1+ 66. Kg2
Qxh5 67. a7 Qe8 68. Qxe8 Rfxe8 69. a8=Q Rxa8 70. c8=Q 1-0

[Event "European Blitz 2017"]
[Site "Katowice POL"]
[Date "2017.12.15"]
[Round "2.48"]
[White "Petri, Ben-Luca"]
[Black "Warakomski, Tomasz"]
[Result "0-1"]
[BlackTitle "GM"]
[WhiteElo "1747"]
[BlackElo "2537"]
[WhiteFideId "12947261"]
[BlackFideId "1124552"]
[EventDate "2017.12.15"]
[EventType "blitz"]

1. e4 e5 2. Nf3 Nc6 3. Bc4 Bc5 4. c3 Nf6 5. d3 d6 6. O-O a6 7. a4 h6 8. Nbd2 Ba7
9. Re1 O-O 10. Nf1 Ne7 11. d4 Ng6 12. Bb3 Re8 13. Ng3 c6 14. h3 Be6 15. Bc2 Qc7
16. Be3 exd4 17. cxd4 Bd7 18. a5 c5 19. Qd2 Ne5 20. d5 Nxf3+ 21. Kh1 0-1

[Event "European Blitz 2017"]
[Site "Katowice POL"]
[Date "2017.12.15"]
[Round "2.49"]
[White "Heberla, Bartlomiej"]
[Black "Panczak, Tomasz"]
[Result "1-0"]
[WhiteTitle "GM"]
[WhiteElo "2555"]
[BlackElo "1826"]
[WhiteFideId "1115120"]
[BlackFideId "1138820"]
[EventDate "2017.12.15"]
[EventType "blitz"]

1. e4 c5 2. Nf3 d6 3. d4 cxd4 4. Nxd4 Nc6 5. Nc3 Bd7 6. Bc4 Nf6 7. Be3 g6 8. f3
a6 9. Bb3 Bg7 10. Qd2 h5 11. O-O O-O 12. Nde2 Rc8 13. Nf4 Ne5 14. Ncd5 Bb5 15.
Rfd1 Nc4 16. Bxc4 Bxc4 17. Bb6 Qe8 18. Nc3 Bh6 19. Be3 Bg7 20. a4 Nd7 21. a5 Ne5
22. Bd4 Be6 23. b3 Bd7 24. Ncd5 Rc6 25. c4 Qc8 26. Nxe7+ 1-0

[Event "European Blitz 2017"]
[Site "Katowice POL"]
[Date "2017.12.15"]
[Round "2.51"]
[White "Dziuba, Marcin"]
[Black "Gozdziewicz, Robert"]
[Result "1-0"]
[WhiteTitle "GM"]
[WhiteElo "2584"]
[BlackElo "1925"]
[WhiteFideId "1112953"]
[BlackFideId "1168827"]
[EventDate "2017.12.15"]
[EventType "blitz"]

1. d4 f5 2. Nc3 Nf6 3. Bg5 e6 4. e4 fxe4 5. Nxe4 Be7 6. Bxf6 Bxf6 7. Nf3 O-O 8.
Bd3 b6 9. h4 Bb7 10. Qe2 Nc6 11. O-O-O Nb4 12. Kb1 Bd5 13. Bc4 Bxc4 14. Qxc4 Nd5
15. Qd3 Nf4 16. Qd2 Nd5 17. c4 Ne7 18. g4 Nc6 19. h5 Be7 20. Rh3 Bb4 21. Qd3 d5
22. Neg5 1-0

[Event "European Blitz 2017"]
[Site "Katowice POL"]
[Date "2017.12.15"]
[Round "2.54"]
[White "Jankowiak, Piotr"]
[Black "Olszewski, Michal"]
[Result "0-1"]
[BlackTitle "GM"]
[WhiteElo "1917"]
[BlackElo "2540"]
[WhiteFideId "1185250"]
[BlackFideId "1121251"]
[EventDate "2017.12.15"]
[EventType "blitz"]

1. Nf3 Nf6 2. b3 g6 3. Bb2 Bg7 4. d4 d6 5. e3 O-O 6. Be2 Nbd7 7. O-O e5 8. c4 e4
9. Nfd2 Re8 10. Nc3 Nf8 11. Qc2 Bf5 12. Rfd1 h5 13. Nf1 h4 14. Qd2 N8h7 15. f3
exf3 16. Bxf3 c6 17. Be2 Ng5 18. Bd3 Bxd3 19. Qxd3 Qd7 20. Re1 h3 21. Qe2 hxg2
22. Qxg2 Bh6 23. Nd2 Nh3+ 24. Kh1 Bxe3 25. Re2 Nf4 26. Qf1 Nxe2 27. Qxe2 Bxd4
28. Qd3 c5 29. Rf1 Re3 30. Qc2 Qh3 31. Rg1 Ng4 32. Nf1 Rxc3 33. Bxc3 Qf3+ 34.
Rg2 Qxf1+ 0-1

[Event "European Blitz 2017"]
[Site "Katowice POL"]
[Date "2017.12.15"]
[Round "2.56"]
[White "Kopaczewski, Adam"]
[Black "Zelcic, Robert"]
[Result "0-1"]
[BlackTitle "GM"]
[WhiteElo "1996"]
[BlackElo "2501"]
[WhiteFideId "1187309"]
[BlackFideId "14500310"]
[EventDate "2017.12.15"]
[EventType "blitz"]

1. e4 c6 2. d4 d5 3. e5 c5 4. dxc5 Nc6 5. Nf3 Bg4 6. h3 Bxf3 7. Qxf3 e6 8. Be3
Nge7 9. c3 Ng6 10. Qg3 Ngxe5 11. Bb5 Ng6 12. O-O Be7 13. b4 O-O 14. Nd2 Bh4 15.
Qh2 Bf6 16. Rac1 Rc8 17. Nf3 a6 18. Bxc6 Rxc6 19. a4 Rc8 20. Bd4 Re8 21. Rfe1
Qd7 22. h4 h5 23. Ra1 Qe7 24. b5 axb5 25. axb5 Nxh4 26. Nxh4 Bxh4 27. Qe5 Bf6
28. Qxh5 e5 29. f4 g6 30. Qh2 e4 31. Re3 Bxd4 32. cxd4 Qf6 33. Ra4 Ra8 34. Rea3
Rxa4 35. Rxa4 e3 36. Kf1 Qf5 37. Ra1 Qd3+ 38. Kg1 Qxd4 39. Re1 e2+ 40. Kh1 Qxc5
41. f5 Qf2 42. Qg1 Qh4+ 43. Qh2 Qxe1+ 0-1

[Event "European Blitz 2017"]
[Site "Katowice POL"]
[Date "2017.12.15"]
[Round "2.57"]
[White "Kislinsky, Alexey"]
[Black "Dzwierzynski, Bartosz"]
[Result "1-0"]
[WhiteTitle "GM"]
[WhiteElo "2513"]
[BlackElo "1826"]
[WhiteFideId "14108801"]
[BlackFideId "21812837"]
[EventDate "2017.12.15"]
[EventType "blitz"]

1. Nf3 Nf6 2. c4 g6 3. Nc3 Bg7 4. e4 d6 5. d4 O-O 6. Be2 e5 7. d5 a5 8. Bg5 h6
9. Be3 Ng4 10. Bd2 f5 11. exf5 gxf5 12. h3 Nf6 13. Qc1 Kh7 14. g4 Na6 15. gxf5
Bxf5 16. Nh4 Qd7 17. Rg1 Ne4 18. Nxf5 Qxf5 19. Nxe4 Qxe4 20. Be3 Nc5 21. Qd2 Qh4
22. O-O-O Kh8 23. Rg4 Qxh3 24. Rdg1 Rg8 25. R4g3 Qf5 26. Bg4 Qf6 27. Bh3 Ne4 28.
Qe2 Nxg3 29. Rxg3 e4 30. Be6 Rgf8 31. Kb1 b5 32. cxb5 Rab8 33. a4 c6 34. Bc1
cxb5 35. axb5 Rb6 36. Qxe4 Rxb5 37. Qc2 Rfb8 38. Ka1 Rxb2 39. Bxb2 Qxb2+ 40.
Qxb2 Bxb2+ 41. Ka2 Bd4 42. f3 Rb2+ 43. Ka3 Rf2 44. Rg4 Be5 45. Rg6 Rxf3+ 46. Ka4
Bg7 47. Kxa5 Rf6 48. Rg2 Kh7 49. Kb6 Rf8 50. Kc6 Be5 51. Kd7 Rf4 52. Ke7 Rf6 53.
Rg4 Rf3 54. Rh4 Rf6 55. Bc8 Kg7 56. Ba6 Rf7+ 57. Ke6 Rf6+ 58. Kd7 Kg6 59. Bd3+
Kg5 60. Rh1 h5 61. Be2 h4 62. Rg1+ Bg3 63. Rh1 Rf2 64. Bf1 Kg4 65. Bh3+ Kf3 66.
Be6 Rh2 67. Rf1+ Kg2 68. Rf5 h3 69. Rh5 Rh1 70. Bf5 Kf3 71. Bxh3 Ke4 72. Bf5+
Kd4 73. Rxh1 1-0

[Event "European Blitz 2017"]
[Site "Katowice POL"]
[Date "2017.12.15"]
[Round "2.58"]
[White "Wilk, Piotr"]
[Black "Fedorchuk, Sergey A."]
[Result "0-1"]
[BlackTitle "GM"]
[WhiteElo "1708"]
[BlackElo "2648"]
[WhiteFideId "1146424"]
[BlackFideId "14102536"]
[EventDate "2017.12.15"]
[EventType "blitz"]

1. d4 Nf6 2. c4 e6 3. Nf3 Bb4+ 4. Nc3 b6 5. Bg5 Bb7 6. e3 h6 7. Bh4 g5 8. Bg3
Ne4 9. Qc2 f5 10. Bd3 Bxc3+ 11. bxc3 Nxg3 12. hxg3 Qf6 13. O-O Nc6 14. d5 Ne7
15. dxe6 dxe6 16. Nd4 h5 17. Nb5 Kf7 18. e4 f4 19. e5 Qh6 20. Be4 Bxe4 21. Qxe4
h4 22. gxf4 gxf4 23. Rad1 h3 24. g3 Rag8 25. Kh2 Rd8 0-1

[Event "European Blitz 2017"]
[Site "Katowice POL"]
[Date "2017.12.15"]
[Round "2.60"]
[White "Drozniak, Stanislaw"]
[Black "Tregubov, Pavel V."]
[Result "0-1"]
[BlackTitle "GM"]
[WhiteElo "2074"]
[BlackElo "2575"]
[WhiteFideId "1188895"]
[BlackFideId "4115341"]
[EventDate "2017.12.15"]
[EventType "blitz"]

1. e4 c5 2. Nf3 e6 3. d4 cxd4 4. Nxd4 Nc6 5. Nc3 Nf6 6. Ndb5 Bb4 7. Bf4 Nxe4 8.
Qf3 f5 9. Nc7+ Kf7 10. O-O-O Bxc3 11. bxc3 d5 12. Nxa8 Qa5 13. Kb2 e5 14. c4 d4
15. Bg3 Be6 16. Qa3 Qxa3+ 17. Kxa3 Rxa8 18. Rb1 b6 19. Bd3 Nc3 20. Rbe1 e4 21.
Be2 Na5 22. f3 Nxe2 23. Rxe2 Nxc4+ 24. Kb4 e3 25. Rd1 Rd8 26. a4 g5 27. Kb5 f4
28. Be1 Kf6 29. Bc3 Ke5 30. Ba1 h5 31. g3 fxg3 32. hxg3 g4 33. f4+ Ke4 34. Rh1
Bf7 35. Rxh5 Bxh5 36. Kxc4 Bf7+ 37. Kb5 Rc8 38. Kb4 a6 39. a5 Rc4+ 40. Ka3 b5
41. Bb2 Ra4# 0-1